| 000 | 01067nam a2200253Ia 4500 | ||
|---|---|---|---|
| 001 | 9937 | ||
| 003 | GE_BSU | ||
| 008 | 181216s||||||||xx |||||||||||||| ||und|| | ||
| 020 | _a9789941444081 | ||
| 040 | _cGE_BSU | ||
| 080 | _a81:1 | ||
| 100 | _aკაშია,ჯანრი | ||
| 245 | _aთხზულებანი.ტ.7.ენა,საზრისი,ყოფიერება... | ||
| 245 | _bქართველურ ენათა ტიპოლოგია:ენათმეცნიერება | ||
| 245 | _cრედ.თამარ დემეტრაშვილი | ||
| 260 | _aთბილისი | ||
| 260 | _bქართული ბიოგრაფიული ცენტრი. | ||
| 260 | _c2013 | ||
| 300 | _a295გვ.ფოტო.21სმ. | ||
| 653 | _aენა,საზრისი,ყოფიერება.. | ||
| 653 | _aთხზულებანი | ||
| 653 | _aქართველურ ენათა ტიპოლოგია:ენათმეცნიერება | ||
| 942 | _cBK | ||
| 999 |
_c43212 _d43212 |
||